000 00543nam a2200169 i 4500
001 142382
003 ES-MaACL
005 20230906200516.0
007 t|
008 071004s1971 sp ||||1| spa d
100 1 _aWisdorf, Josef.
_9117143
245 1 3 _aEl adolescente y sus problemas
_b: para chicos de 10 a 14 años /
_cJosef Wisdorf ; [traducción de Alejo Oria León].
260 _aMadrid :
_bEdiciones Paulinas,
_c1971.
300 _a181 p. ;
_c18 cm.
700 1 _aOria León, Alejo.
_987247
852 _aES-MaACL
_jC-54155
_bR.82366
999 _c142382
_d142382